000 00724nam a22002417a 4500
003 UA-OsUOA
001 48336
007 ta
008 20130212b un ||||| |||| 00| 0 ukr d
090 _a082
_bЗ-38
942 _cBK
040 _aUA-OsUOA
_bukr
_cUA-OsUOA
_dUA-OsUOA
245 _aЗахідньоканадський збірник
300 _a434 с.
955 _a1
041 _aukr
080 _a082
260 _aЕдмонтон; Острог
_c2012
246 3 1 _aЧастина шоста
650 7 _a08 Видання. Колективні праці
_2UDC
999 _c428435
_d428435